[Event "Druzynowe Mistrzostwa Polski - II liga"]
[Site "Sypniewo k. Jastrowia"]
[Date "1899-12-30"]
[Round "5.53"]
[White "Bugajski, Robert"]
[Black "Powalka, Michal"]
[Result "1/2-1/2"]
[WhiteTitle "FM"]
[BlackTitle "I++"]
[WhiteElo "2047"]
[BlackElo "1970"]

1. d4 Nf6 2. c4 e5 3. dxe5 Ng4 4. Bf4 Nc6 5. Nf3 Bb4+ 6. Nbd2 Qe7 7. a3 Bc5 8.
e3 Ngxe5 9. Nxe5 Nxe5 10. Be2 d6 11. O-O Bd7 12. b4 Bb6 13. Qc2 Ng6 14. Bg3 h5
15. h3 Kf8 16. Bf3 h4 17. Bh2 Re8 18. Rac1 c5 19. Bd5 Ne5 20. b5 Rh6 21. f4 Ng6
22. e4 Be6 23. Bxe6 fxe6 24. f5 Ne5 25. Nf3 Nxf3+ 26. Rxf3 exf5 27. exf5 Qe2 28.
Bf4 Rh5 29. Qb1 Kf7 30. Bxd6 Re4 31. Rc2 Qe1+ 32. Qxe1 Rxe1+ 33. Kf2 Re4 34. Rf4
Rxf4+ 35. Bxf4 Rxf5 36. Ke3 g5 37. Bb8 Ke6 38. Rf2 Rxf2 39. Kxf2 Kf5 40. Kf3 a6
41. a4 axb5 42. axb5 Ba5 43. Bd6 Bb4 44. Be7 Ba3 45. Bd6 Bb4 1/2-1/2

[Event "Druzynowe Mistrzostwa Polski - II liga"]
[Site "Sypniewo k. Jastrowia"]
[Date "1899-12-30"]
[Round "5.54"]
[White "Bebnik, Malgorzata"]
[Black "Andrzejewska, Anna"]
[Result "1-0"]
[WhiteTitle "I++"]
[BlackTitle "WCM"]
[WhiteElo "1756"]
[BlackElo "1933"]

1. d4 Nf6 2. c4 c6 3. Nc3 d5 4. e3 e6 5. Nf3 Be7 6. Bd3 O-O 7. O-O Nbd7 8. cxd5
exd5 9. Qc2 Re8 10. a3 Bd6 11. b3 Qe7 12. Bb2 Ne4 13. Bxe4 dxe4 14. Nd2 f5 15.
Nc4 Bc7 16. b4 Nf6 17. Rfd1 Be6 18. Qe2 a6 19. Rac1 Rad8 20. h3 Nd5 21. Nxd5 Bxd5
22. Ne5 Rf8 23. Rc5 Kh8 24. Qh5 Rf6 25. Rdc1 Bd6 26. R5c2 Rdf8 27. Qh4 Qe8 28.
Qg5 h6 29. Qg3 g5 30. Kh1 Rg8 31. Ba1 Qh5 32. Kg1 Kh7 33. Bb2 Be6 34. Ng4 fxg4
35. Qxd6 gxh3 36. d5 hxg2 37. Qh2 Qxh2+ 38. Kxh2 Rfg6 39. dxe6 Rxe6 40. Rd2 Re7
41. Rcd1 Rf8 42. Kxg2 Ref7 43. Rd7 Kg6 44. R1d6+ Kh5 45. Rxf7 Rxf7 46. Re6 Rd7
47. Bd4 Kg4 48. Rxe4+ Kf5 49. Re5+ Kg6 50. Re6+ Kh5 51. Kg3 Rf7 52. f3 Rd7 53.
Bc5 Rf7 54. Bd6 Rf5 55. e4 Rf7 56. Bc5 Rf4 57. a4 Rf7 58. Bd6 Rg7 59. Bf8 Rg6
60. Rxg6 Kxg6 61. a5 h5 62. Be7 Kh6 63. f4 h4+ 64. Kg4 gxf4 65. Bxh4 1-0

[Event "Druzynowe Mistrzostwa Polski - II liga"]
[Site "Sypniewo k. Jastrowia"]
[Date "1899-12-30"]
[Round "5.55"]
[White "Kozlowski, Michal"]
[Black "Luczak, Filip"]
[Result "0-1"]
[WhiteTitle "I++"]
[BlackTitle "FM"]
[WhiteElo "2032"]
[BlackElo "2278"]

1. e4 g6 2. d4 Bg7 3. Nc3 d6 4. f4 Nf6 5. Nf3 O-O 6. Be2 c5 7. dxc5 Qa5 8. O-O
Qxc5+ 9. Kh1 Nc6 10. a3 Ng4 11. Qd3 d5 12. Nxd5 e6 13. Ne3 Rd8 14. Qc4 Qxc4 15.
Nxc4 b5 16. Nce5 Ncxe5 17. Nxe5 Nxe5 18. fxe5 Bb7 19. Bf4 Bxe4 20. Bf3 Bxf3 21.
Rxf3 Rd5 22. Re1 Rc8 23. c3 Rcd8 24. Kg1 h6 25. g4 g5 26. Bg3 a5 27. Rfe3 a4 28.
Kf1 Kh7 29. Re4 Kg6 30. c4 bxc4 31. Rxc4 Rb8 32. Re2 Rdb5 33. Rcc2 h5 34. h3 h4
35. Bh2 Rb3 36. Kg2 Rd3 37. Rcd2 Rxd2 38. Rxd2 Rb5 39. Re2 Kh7 40. Kh1 Kg8 41.
Re4 Rxb2 42. Rxa4 Rb3 43. Ra8+ Kh7 44. Kg2 Re3 45. Ra5 Bf8 46. a4 Ra3 47. Bg1
Bb4 48. Rb5 Rxa4 49. Be3 Ra2+ 50. Kf3 Bd2 51. Bxd2 Rxd2 52. Rb3 Kg6 53. Ke4 Ra2
54. Kf3 Ra1 55. Ke4 Re1+ 56. Kd4 Kg7 57. Rf3 Rd1+ 58. Ke4 Kf8 59. Ra3 Re1+ 60.
Kd4 Rb1 61. Ke4 Rb4+ 62. Kf3 Rb7 63. Ra8+ Kg7 64. Ra3 Rb5 65. Ke4 Rb4+ 66. Kf3
f6 67. exf6+ Kxf6 68. Ra5 Rb3+ 69. Kg2 Rd3 70. Rb5 Rd2+ 71. Kg1 Rd5 72. Rb8 Ke5
73. Rf8 Rd1+ 74. Kg2 Rd2+ 75. Kg1 Ra2 76. Rf7 Ra1+ 77. Kg2 Ra2+ 78. Kg1 Ke4 79.
Rf6 Ke5 80. Rf8 Ra5 81. Kg2 Rd5 82. Rf7 Rc5 83. Rf8 Kd4 84. Rf6 e5 85. Rd6+ Ke3
86. Rf6 e4 87. Rf8 Rd5 88. Rf7 Kd3 89. Rf5 Kd4 90. Rf8 Rc5 91. Kf2 Rc2+ 92. Kg1
e3 93. Rg8 Ra2 94. Re8 Kd3 95. Rd8+ Ke4 96. Rf8 Ra1+ 97. Kg2 e2 98. Re8+ Kd3 99.
Kf2 Rf1+ 0-1

[Event "Druzynowe Mistrzostwa Polski - II liga"]
[Site "Sypniewo k. Jastrowia"]
[Date "1899-12-30"]
[Round "5.56"]
[White "Grzesik, Gracjan"]
[Black "Kitewski, Bartosz"]
[Result "1-0"]
[WhiteTitle "k"]
[BlackTitle "I"]
[WhiteElo "2149"]
[BlackElo "1807"]

1. c4 Nf6 2. Nc3 c5 3. Nf3 Nc6 4. g3 g6 5. Bg2 Bg7 6. d4 cxd4 7. Nxd4 O-O 8. O-O
Nxd4 9. Qxd4 d6 10. Qd3 Bf5 11. e4 Be6 12. b3 Nd7 13. Be3 Ne5 14. Qd2 a6 15. f4
Nc6 16. Rac1 Rb8 17. f5 Bd7 18. Nd5 b5 19. c5 dxc5 20. Bxc5 Re8 21. Rcd1 e6 22.
f6 exd5 23. fxg7 Bg4 24. Qf4 f5 25. Rxd5 g5 26. Qd2 Qc8 27. Qxg5 Ne5 28. exf5
Be2 29. Rf2 Nf7 30. Qd2 Bh5 31. f6 Bg6 32. Be7 Qe6 33. h4 Rbc8 34. h5 Be4 35.
Bxe4 Qxe4 36. Rd4 Qe5 37. Rg4 Qxh5 38. Rh4 Qg6 39. Kh2 Rc6 40. Qd7 Rec8 41. Qf5
Qxf5 42. Rxf5 Rc2+ 43. Kh3 Rxa2 44. Rc5 Rb8 45. Rd4 h6 46. Rd7 Ng5+ 47. Kg4 Rf2
48. Rdc7 Kh7 49. Rc8 Kg6 50. g8=Q# 1-0

[Event "Druzynowe Mistrzostwa Polski - II liga"]
[Site "Sypniewo k. Jastrowia"]
[Date "1899-12-30"]
[Round "5.57"]
[White "Slawinski, Miroslaw"]
[Black "Majewski, Krzysztof"]
[Result "1-0"]
[WhiteTitle "k"]
[BlackTitle "I+"]
[WhiteElo "2035"]
[BlackElo "1999"]

1. d4 d6 2. e4 Nf6 3. Nc3 g6 4. f4 Bg7 5. Nf3 O-O 6. e5 dxe5 7. fxe5 Nd5 8. Ne4
f6 9. Bc4 Kh8 10. exf6 exf6 11. O-O Nc6 12. c3 Rb8 13. Bd2 Nce7 14. Qb3 c6 15.
Rae1 b6 16. Bd3 Ra8 17. c4 Nc7 18. Bb4 Na6 19. Ba3 c5 20. dxc5 bxc5 21. Nxc5 Rb8
22. Qc2 Qb6 23. Qf2 Rd8 24. Rxe7 Bf8 25. Nxa6 Qxa6 26. Rxa7 Qe6 27. Bxf8 1-0

[Event "Druzynowe Mistrzostwa Polski - II liga"]
[Site "Sypniewo k. Jastrowia"]
[Date "1899-12-30"]
[Round "5.58"]
[White "Gajdzica, Maciej"]
[Black "Strepikowski, Pawel"]
[Result "0-1"]
[WhiteTitle "I+"]
[BlackTitle "I"]
[WhiteElo "1954"]
[BlackElo "1773"]

1. d4 d6 2. Nf3 Nf6 3. c4 g6 4. Nc3 Bg7 5. e4 O-O 6. Be2 Nbd7 7. O-O e5 8. Be3
c6 9. d5 c5 10. Kh1 Ng4 11. Bg5 f6 12. Bd2 f5 13. Ng5 Nb6 14. exf5 gxf5 15. f4
h6 16. Nh3 exf4 17. Bxf4 Ne5 18. Qb3 Nbd7 19. Bg3 Nf6 20. Rae1 Nfg4 21. Nd1 h5
22. Ne3 Bh6 23. Bf4 Bxf4 24. Nxf4 Qh4 25. Bxg4 hxg4 26. Nd1 Rb8 27. Re3 Bd7 28.
a4 b6 29. Nf2 Rfe8 30. N2d3 a6 31. Qc3 Nxd3 32. Qxd3 Qf6 33. b3 Rxe3 34. Qxe3
Re8 35. Qg3 b5 36. axb5 axb5 37. Nh5 Qe7 38. Qc3 Rf8 39. Nf4 Re8 40. Nh5 Rf8 41.
Qd2 Qh7 42. Qg5+ Kf7 43. Nf6 Qg6 44. Qxg6+ Kxg6 45. Nxd7 Rd8 46. Nxc5 dxc5 47.
h3 gxh3 48. gxh3 bxc4 49. bxc4 Kf6 50. Kg2 Ke5 51. Rd1 Rg8+ 52. Kf3 Rh8 53. Kg3
Rg8+ 54. Kf2 Rh8 55. d6 Rd8 56. d7 Kf4 57. Rd5 Ke4 58. Rd2 Kf4 59. Rd1 Ke4 60.
Kg3 Ke3 61. h4 f4+ 62. Kg4 f3 63. Re1+ Kf2 64. Re7 Kg2 65. Rf7 f2 0-1

[Event "Druzynowe Mistrzostwa Polski - II liga"]
[Site "Sypniewo k. Jastrowia"]
[Date "1899-12-30"]
[Round "5.59"]
[White "Taranowicz, Michal"]
[Black "Kamieniecki, Tomasz"]
[Result "1/2-1/2"]
[WhiteTitle "I+"]
[BlackTitle "I"]
[WhiteElo "1855"]
[BlackElo "1941"]

1. e4 Nf6 2. Nc3 d5 3. exd5 Nxd5 4. d4 Bf5 5. Bc4 e6 6. Nf3 Be7 7. O-O O-O 8. Ne2
Nd7 9. Ng3 Bg6 10. Qe2 c5 11. c3 Rc8 12. Bb3 Bf6 13. Be3 Nxe3 14. fxe3 Nb6 15.
Rad1 Qc7 16. e4 Rfd8 17. Rd2 a5 18. a3 a4 19. Ba2 cxd4 20. cxd4 Nc4 21. Bxc4 Qxc4
22. Qxc4 Rxc4 23. Rfd1 Kf8 24. Kf2 b5 25. h4 h5 26. Ke3 b4 27. Ne2 bxa3 28. bxa3
Rb8 29. Rd3 Ke8 30. Nf4 e5 31. Nxg6 exd4+ 32. Kf4 fxg6 33. e5 Be7 34. Rxd4 Rxd4+
35. Rxd4 Bxa3 36. Rxa4 Rb4+ 37. Rxb4 Bxb4 38. Kg5 Kf7 39. Kf4 Bc3 40. Ke4 Ke6
41. Ng5+ Ke7 42. Kd5 Be1 43. Nf3 Bg3 44. e6 Kf6 45. Nd2 Ke7 46. Nf3 Kf6 47. Nd4
Ke7 48. Nf3 1/2-1/2

[Event "Druzynowe Mistrzostwa Polski - II liga"]
[Site "Sypniewo k. Jastrowia"]
[Date "1899-12-30"]
[Round "5.60"]
[White "Krzywnicka, Maria"]
[Black "Zarebska, Lena"]
[Result "0-1"]
[WhiteTitle "I++"]
[BlackTitle "k"]
[WhiteElo "1885"]
[BlackElo "1910"]

1. e4 c5 2. Nc3 Nc6 3. g3 g6 4. Bg2 Bg7 5. d3 d6 6. f4 Rb8 7. a4 e6 8. Nf3 Nge7
9. O-O O-O 10. Be3 a6 11. Qd2 b5 12. axb5 axb5 13. Nh4 Nd4 14. Qf2 b4 15. Nd1
b3 16. cxb3 Rxb3 17. Nc3 Qb6 18. Ra2 f5 19. Rfa1 Nec6 20. exf5 gxf5 21. Ra3 Rxb2
22. Na4 Rb1+ 23. Bf1 Qb7 24. R1a2 Nb4 25. Nc3 Nxa2 26. Nxb1 Nb4 27. Bg2 Qb6 28.
Ra8 Nxd3 29. Qa2 Nb4 30. Qc4 d5 31. Qf1 Qb7 32. Ra5 Qb6 33. Ra8 Ba6 34. Rxf8+
Kxf8 35. Qd1 Qa5 36. Qh5 Qa1 37. h3 Qxb1+ 38. Kh2 Nbc6 39. Qxh7 Ne7 40. g4 Qd3
41. Bxd4 Qxd4 42. gxf5 Qxf4+ 43. Kh1 exf5 44. Ng6+ Nxg6 45. Qxg6 Be5 46. Kg1 Qe3+
0-1

[Event "Druzynowe Mistrzostwa Polski - II liga"]
[Site "Sypniewo k. Jastrowia"]
[Date "1899-12-30"]
[Round "5.61"]
[White "Chomczyk, Marek"]
[Black "Laszewicz, Pawel"]
[Result "1/2-1/2"]
[WhiteTitle "k++"]
[BlackTitle "k"]
[WhiteElo "2260"]
[BlackElo "2108"]

1. d4 Nf6 2. c4 e6 3. g3 d5 4. Nf3 Bb4+ 5. Bd2 Be7 6. Bg2 O-O 7. O-O dxc4 8. Qa4
Bd7 9. Qxc4 Bc6 10. Nc3 Ne4 11. Bf4 Bd6 12. Bxd6 Qxd6 13. Rac1 Nxc3 14. Qxc3 Nd7
15. Rfd1 Rac8 16. d5 exd5 17. Nd4 Rfe8 18. e4 Nf6 19. exd5 Bxd5 20. Nf5 Qe5 21.
Qxe5 Rxe5 22. Nd6 Rb8 23. f4 Re2 24. Bxd5 Nxd5 25. Rxd5 cxd6 26. Rb5 g6 27. f5
Kg7 28. Rc7 b6 29. fxg6 hxg6 30. Rb3 Rbe8 31. Rf3 R8e7 32. Rxe7 Rxe7 33. Kf2 Rc7
34. Rc3 Rxc3 35. bxc3 f5 36. Ke3 Kf6 37. Kf4 d5 38. a4 a6 39. h3 g5+ 40. Ke3 Ke5
41. h4 gxh4 42. gxh4 b5 43. axb5 axb5 44. h5 Kf6 45. h6 Kg6 46. Kf4 d4 47. cxd4
b4 48. d5 b3 49. d6 b2 50. d7 b1=Q 51. d8=Q Qf1+ 52. Kg3 Qe1+ 53. Kf3 Qh1+ 54.
Kf2 Qh2+ 55. Kf3 Qh3+ 1/2-1/2

[Event "Druzynowe Mistrzostwa Polski - II liga"]
[Site "Sypniewo k. Jastrowia"]
[Date "1899-12-30"]
[Round "5.62"]
[White "Majocha, Piotr"]
[Black "Budnik, Mateusz"]
[Result "1/2-1/2"]
[WhiteTitle "I++"]
[BlackTitle "k"]
[WhiteElo "1980"]
[BlackElo "2008"]

1. c4 e5 2. Nc3 Nf6 3. Nf3 Nc6 4. e4 d6 5. d4 Bg4 6. d5 Nd4 7. Be2 Nxe2 8. Qxe2
Be7 9. h3 Bh5 10. Be3 Bg6 11. Nd2 Nd7 12. g4 a5 13. Nf1 h5 14. Ng3 hxg4 15. hxg4
Rxh1+ 16. Nxh1 Bg5 17. O-O-O Bxe3+ 18. Qxe3 Qh4 19. f3 b6 20. Nf2 O-O-O 21. Rh1
Qe7 22. a3 Kb7 23. b4 axb4 24. axb4 Ra8 25. Kb2 Qd8 26. Nd3 Qe7 27. Nb5 f6 28.
Rc1 Be8 29. Nc3 g6 30. Qg1 Qf8 31. Ra1 Rxa1 32. Qxa1 Qh6 33. Qc1 Qh2+ 34. Qc2
Qg1 35. Qf2 Qxf2+ 36. Nxf2 Nf8 37. Kc2 Bd7 38. Nd3 Nh7 39. Kd2 Ng5 40. Ke3 f5
41. gxf5 gxf5 42. f4 exf4+ 43. Kxf4 Nxe4 44. Nxe4 fxe4 45. Kxe4 Bh3 46. Nf4 Bf1
1/2-1/2

[Event "Druzynowe Mistrzostwa Polski - II liga"]
[Site "Sypniewo k. Jastrowia"]
[Date "1899-12-30"]
[Round "5.63"]
[White "Celinski, Kamil"]
[Black "Luba, Lukasz"]
[Result "0-1"]
[WhiteTitle "I++"]
[BlackTitle "k"]
[WhiteElo "2025"]
[BlackElo "2143"]

1. e4 e6 2. d4 d5 3. Nc3 Nf6 4. e5 Nfd7 5. f4 c5 6. Nf3 Nc6 7. Be3 g6 8. Be2 a6
9. Qd2 b5 10. O-O Qb6 11. Nd1 cxd4 12. Nxd4 Nxd4 13. Bxd4 Bc5 14. c3 Nb8 15. Kh1
Bxd4 16. cxd4 Nc6 17. Nc3 Qxd4 18. Qe1 O-O 19. Rd1 Qa7 20. Qg3 Kh8 21. Bf3 f6
22. Rfe1 fxe5 23. fxe5 Qg7 24. Bg4 Qf7 25. Qh3 Nxe5 26. Be2 Bd7 27. Qe3 Qg7 28.
a3 Rf7 29. h3 Nc6 30. Qb6 Ne7 31. Bg4 Nf5 32. Qb7 Qf8 33. Ne4 Rd8 34. Ng5 Re7
35. Qxa6 Qf6 36. Nf3 Ng3+ 37. Kg1 h5 38. Bxh5 gxh5 39. Rxd5 Rg8 40. Ne5 Bc8 41.
Qb6 Rb7 42. Qc6 Rbg7 43. Rxb5 Nf5 44. Rb3 Nd4 45. Qe4 Nxb3 46. g4 Bb7 47. Qe3
hxg4 48. hxg4 Rxg4+ 49. Kh2 Qh4+ 50. Qh3 Rg2+ 51. Kh1 Qxh3# 0-1

[Event "Druzynowe Mistrzostwa Polski - II liga"]
[Site "Sypniewo k. Jastrowia"]
[Date "1899-12-30"]
[Round "5.64"]
[White "Szydelko, Michal"]
[Black "Jedynak, January"]
[Result "1-0"]
[WhiteTitle "I+"]
[BlackTitle "I+"]
[WhiteElo "1754"]
[BlackElo "1877"]

1. e4 e5 2. Nf3 Nf6 3. Nxe5 d6 4. Nf3 Nxe4 5. Nc3 Nxc3 6. dxc3 Be7 7. Be3 Nc6 8.
Qd2 Be6 9. Bd3 Qd7 10. O-O-O a6 11. Kb1 O-O-O 12. Nd4 Nxd4 13. Bxd4 Rdg8 14. Rhe1
Qa4 15. b3 Qa5 16. c4 Qxd2 17. Rxd2 h5 18. Rde2 Rh6 19. Be4 Bf6 20. Be3 Rhh8 21.
Bd2 Rf8 22. f4 Bg4 23. Re3 Bd4 24. Rd3 Bf6 25. Bc3 Bxc3 26. Rxc3 c6 27. h3 Be6
28. Rg3 Rfg8 29. Kb2 Kc7 30. Kc3 g6 31. Rd3 Re8 32. Rde3 Bc8 33. Bd3 Kd8 34. Kd4
Rxe3 35. Rxe3 Re8 36. Rxe8+ Kxe8 37. Be4 Ke7 38. b4 Kf6 39. c3 Bf5 40. Bf3 Bb1
41. a3 Kf5 42. Ke3 h4 43. Bg4+ Kf6 44. Bc8 b5 45. Bxa6 bxc4 46. Bxc4 d5 47. Bd3
Ba2 48. a4 Ke7 49. Kd4 Kd6 50. a5 Bb3 51. a6 Kc7 52. Kc5 Ba4 53. c4 dxc4 54. Bxc4
f6 55. Bd3 g5 56. fxg5 fxg5 57. Be4 Bb5 58. a7 Kb7 59. a8=Q+ Kxa8 60. Bxc6+ 1-0

[Event "Druzynowe Mistrzostwa Polski - II liga"]
[Site "Sypniewo k. Jastrowia"]
[Date "1899-12-30"]
[Round "5.65"]
[White "Podgorski, Maciej"]
[Black "Bartlomowicz, Jakub"]
[Result "0-1"]
[WhiteTitle "I++"]
[BlackTitle "I"]
[WhiteElo "1980"]
[BlackElo "1762"]

1. e4 e5 2. Nf3 Nc6 3. d4 exd4 4. Bc4 Nf6 5. e5 d5 6. Bb5 Ne4 7. Nxd4 Bd7 8. Bxc6
bxc6 9. O-O Be7 10. f3 Nc5 11. f4 f5 12. b4 Ne6 13. Nxf5 Bxb4 14. Nh6 Qh4 15.
Qg4 Qxg4 16. Nxg4 Nd4 17. Ne3 Ne2+ 18. Kh1 Nxc1 19. Rxc1 Bc5 20. Re1 O-O 21. g3
Rab8 22. Nd2 d4 23. Ng2 Bb4 24. Nb3 Bxe1 25. Nxe1 Be6 26. Nxd4 Bd5+ 27. Kg1 Rb2
28. Nd3 Rxa2 29. Rb1 Ra4 30. Ne2 Rc4 31. Rb2 a5 32. Kf2 a4 33. c3 a3 34. Ra2 Ra4
35. Ra1 Bc4 36. Ndc1 Rb8 37. Nd4 a2 0-1

[Event "Druzynowe Mistrzostwa Polski - II liga"]
[Site "Sypniewo k. Jastrowia"]
[Date "1899-12-30"]
[Round "5.66"]
[White "Trusz, Julia"]
[Black "Rudnik, Anna"]
[Result "1/2-1/2"]
[WhiteTitle "I++"]
[BlackTitle "I++"]
[WhiteElo "1659"]
[BlackElo "1869"]

1. d4 Nf6 2. c4 e6 3. g3 d5 4. Nf3 Bb4+ 5. Nbd2 c6 6. Qc2 Ne4 7. Bg2 Nd7 8. O-O
Ndf6 9. c5 Ba5 10. Ne5 Nxd2 11. Bxd2 Bxd2 12. Qxd2 Nd7 13. Nxd7 Bxd7 14. b4 O-O
15. a4 Qe7 16. f4 f6 17. e4 a6 18. Rfe1 Qf7 19. Ra3 Rae8 20. Rae3 h6 21. Rf1 Bc8
22. Qb2 Bd7 23. Qd2 Bc8 24. Qb2 Bd7 25. Qd2 Bc8 1/2-1/2

[Event "Druzynowe Mistrzostwa Polski - II liga"]
[Site "Sypniewo k. Jastrowia"]
[Date "1899-12-30"]
[Round "5.67"]
[White "Gierulski, Kamil"]
[Black "Piotrowski, Przemyslaw"]
[Result "1-0"]
[WhiteTitle "k++"]
[BlackTitle "FM"]
[WhiteElo "2270"]
[BlackElo "2256"]

1. e4 c5 2. Nf3 Nc6 3. Bb5 g6 4. O-O Bg7 5. c3 Nf6 6. Re1 O-O 7. d4 cxd4 8. cxd4
d5 9. e5 Ne4 10. Bxc6 bxc6 11. Be3 Rb8 12. Qc1 Qb6 13. b3 a5 14. Nc3 Nxc3 15.
Qxc3 Ba6 16. Bc1 Rfc8 17. Ba3 e6 18. h4 Qb5 19. Bd6 Rb7 20. Qd2 a4 21. Qf4 Qd3
22. g4 axb3 23. axb3 Rxb3 24. Ng5 Rb7 25. Ra3 Qc4 26. Rea1 h6 27. Rxa6 hxg5 28.
Qxg5 Qxd4 29. R6a4 Rb1+ 30. Rxb1 Qxa4 31. h5 Qe4 32. Rb4 Qe1+ 33. Kg2 c5 34. Rf4
gxh5 35. gxh5 Kh7 36. Rxf7 Rg8 37. h6 Qe4+ 38. Kh2 Qg6 39. Qxg6+ Kxg6 40. Rxg7+
Rxg7 41. hxg7 Kxg7 42. Bxc5 Kg6 43. f4 1-0

[Event "Druzynowe Mistrzostwa Polski - II liga"]
[Site "Sypniewo k. Jastrowia"]
[Date "1899-12-30"]
[Round "5.68"]
[White "Szczepaniak, Lukasz"]
[Black "Miasik, Adrian"]
[Result "1/2-1/2"]
[WhiteTitle "k++"]
[BlackTitle "I++"]
[WhiteElo "2202"]
[BlackElo "1948"]

1. e4 e5 2. Nf3 Nc6 3. Bc4 Bc5 4. c3 Nf6 5. d3 a6 6. Bb3 Ba7 7. Nbd2 O-O 8. h3
d5 9. O-O d4 10. Nc4 Qe7 11. cxd4 Bxd4 12. Nxd4 Nxd4 13. f4 Nxb3 14. Qxb3 Be6
15. Qc3 Bxc4 16. Qxc4 Rfd8 17. Rf3 Rd7 18. Qb3 Rad8 19. fxe5 Qxe5 20. Qxb7 Rxd3
21. Rxd3 Rxd3 22. Qa8+ Qe8 23. Qxe8+ Nxe8 24. Bf4 Rd4 25. Re1 Kf8 26. Be5 Ra4
27. a3 Nd6 28. Bxd6+ cxd6 29. Kf2 Rc4 30. Ke3 Ke7 31. Kd3 Rc5 32. Re2 Ke6 33.
Kd4 Rg5 34. g4 h5 35. gxh5 Rxh5 36. Re3 Rh4 37. b4 f5 38. Kd3 f4 39. Rf3 Ke5 40.
a4 Rh8 41. Ke2 Kxe4 42. b5 axb5 43. axb5 Ra8 44. Rb3 f3+ 45. Ke1 Ra1+ 46. Kf2
Ra2+ 47. Ke1 Rh2 48. h4 Re2+ 49. Kf1 Ra2 50. b6 Ra8 51. b7 Rb8 52. Kf2 d5 53.
Rb4+ d4 54. h5 Kd3 55. Kxf3 Kc3 56. Rb6 Kd2 57. Ke4 d3 58. Rb3 Ke2 59. Rxd3 Rxb7
60. Rh3 Rf7 61. Rh2+ Kf1 62. Ke5 Kg1 63. Rh4 Kg2 64. Rf4 Re7+ 65. Kf5 Rf7+ 66.
Kg5 Rxf4 67. Kxf4 Kh3 68. Kg5 Kg3 69. h6 gxh6+ 70. Kxh6 1/2-1/2

[Event "Druzynowe Mistrzostwa Polski - II liga"]
[Site "Sypniewo k. Jastrowia"]
[Date "1899-12-30"]
[Round "5.69"]
[White "Babiarz, Arkadiusz"]
[Black "Zareba, Radoslaw"]
[Result "1/2-1/2"]
[WhiteTitle "I++"]
[BlackTitle "k"]
[WhiteElo "2000"]
[BlackElo "2102"]

1. e4 Nf6 2. e5 Nd5 3. d4 d6 4. Nf3 g6 5. Bc4 Nb6 6. Bb3 Bg7 7. Ng5 e6 8. f4 a5
9. a4 O-O 10. O-O dxe5 11. fxe5 c5 12. c3 Nc6 13. Nf3 Nd5 14. Na3 b6 15. Bg5 Qd7
16. Qd2 Ba6 17. Rf2 cxd4 18. cxd4 Ncb4 19. Nc4 Rac8 20. Nd6 Rc7 21. Ne4 Rfc8 22.
h4 Bc4 23. Bxc4 Rxc4 24. Bh6 Rc2 25. Qg5 Rxf2 26. Bxg7 Rxg2+ 27. Kxg2 Kxg7 28.
Kh1 h6 29. Qg3 Nd3 30. Nf6 Nxf6 31. exf6+ Kxf6 32. Rd1 Nb4 33. d5 Kg7 34. Ne5
Qd6 35. Rf1 Qxd5+ 36. Kh2 Qb7 37. Rxf7+ Qxf7 38. Nxf7 Kxf7 39. Qf3+ Kg8 40. Qf6
Rc2+ 41. Kg3 Rc6 42. Qxg6+ Kf8 43. Qxh6+ Kf7 44. Qh7+ Kf6 45. h5 e5 46. h6 Kg5
47. Qg7+ Rg6 48. Kh3 Nc6 49. Qc7 Rxh6+ 50. Kg3 Kf5 51. Qxb6 Rf6 52. Kf2 Ke4+ 53.
Ke1 Rh6 54. Qg1 Nd4 55. Qg4+ Kd3 56. Qg2 Rc6 57. Qd2+ Ke4 58. Qxa5 Rc1+ 59. Kf2
Rc2+ 60. Kg3 Rxb2 61. Qa8+ Kd3 62. Qa6+ Ke3 63. a5 e4 64. Qc4 Rc2 65. Qxc2 Nxc2
66. a6 Kd2 67. a7 e3 68. a8=Q e2 69. Qd5+ Kc1 70. Qg5+ Kd1 71. Qg4 Kd2 72. Qg5+
Kd1 73. Qh5 Kd2 74. Qa5+ Kd1 75. Qh5 Kd2 76. Qg5+ 1/2-1/2

[Event "Druzynowe Mistrzostwa Polski - II liga"]
[Site "Sypniewo k. Jastrowia"]
[Date "1899-12-30"]
[Round "5.70"]
[White "Suliborski, Jakub"]
[Black "Ciasnocha, Michal"]
[Result "1-0"]
[WhiteTitle "k"]
[BlackTitle "I++"]
[WhiteElo "2159"]
[BlackElo "1893"]

1. d4 d5 2. c4 e6 3. Nf3 Nf6 4. g3 c6 5. Bg2 Bd6 6. Nc3 O-O 7. O-O Nbd7 8. Nd2
Re8 9. e4 dxe4 10. Ndxe4 Nxe4 11. Nxe4 Bf8 12. Qf3 e5 13. d5 cxd5 14. cxd5 Nc5
15. Ng5 f6 16. b4 fxg5 17. bxc5 Bxc5 18. Qh5 Be7 19. d6 Bf6 20. Be4 g6 21. Qf3
g4 22. Qd3 Be6 23. Be3 Rc8 24. Rfd1 Qd7 25. Rab1 b6 26. a4 Qxa4 27. d7 Bxd7 28.
Ra1 Qb5 29. Qxd7 Qxd7 30. Rxd7 1-0

[Event "Druzynowe Mistrzostwa Polski - II liga"]
[Site "Sypniewo k. Jastrowia"]
[Date "1899-12-30"]
[Round "5.71"]
[White "Wasik, Roman"]
[Black "Stelmaszuk, Maciej"]
[Result "1-0"]
[WhiteTitle "I"]
[BlackTitle "I+"]
[WhiteElo "1355"]
[BlackElo "2004"]

1. Nf3 d5 2. d4 Nf6 3. c4 e6 4. Nc3 Nbd7 5. e3 c6 6. Qc2 Bd6 7. g4 Nxg4 8. Rg1
Qf6 9. Rxg4 Qxf3 10. Rxg7 Nf6 11. Bg2 Qh5 12. e4 dxe4 13. c5 Bf8 14. Rg5 Qxh2
15. Bxe4 Qc7 16. Be3 h5 17. Bf3 Bh6 18. Rg2 Bxe3 19. fxe3 e5 20. O-O-O Be6 21.
d5 cxd5 22. Nb5 Qd7 23. Nd6+ Kf8 24. Be2 a6 25. Qc3 d4 26. exd4 Nd5 27. Qg3 exd4
28. Rxd4 Qc6 29. Rc4 Nf6 30. Bf3 Qc7 31. Qg7+ Ke7 32. Re2 Ng4 33. Qxf7+ Kd8 34.
Qxe6 Qg7 35. Nf7+ Kc7 36. Qd6+ Kc8 37. Re7 Qg5+ 38. Nxg5 1-0

[Event "Druzynowe Mistrzostwa Polski - II liga"]
[Site "Sypniewo k. Jastrowia"]
[Date "1899-12-30"]
[Round "5.72"]
[White "Zdziarska-zareba, Lidia"]
[Black "Polak, Sylwia"]
[Result "1-0"]
[WhiteTitle "k+"]
[BlackTitle "I++"]
[WhiteElo "1848"]
[BlackElo "1481"]

1. b3 d5 2. Bb2 c5 3. e3 a6 4. f4 Nc6 5. Nf3 Nf6 6. Be2 e6 7. O-O Be7 8. Qe1 O-O
9. h3 d4 10. exd4 cxd4 11. Ne5 Nb4 12. Na3 Nbd5 13. Nac4 b5 14. Nc6 Qc7 15. N4e5
Bc5 16. Bxd4 Bxd4+ 17. Nxd4 Nxf4 18. Bf3 Rb8 19. c3 N4d5 20. a4 Bd7 21. Nxd7 Qxd7
22. axb5 axb5 23. Qe5 Rfd8 24. Rfd1 h6 25. Ra5 b4 26. c4 Ne7 27. Nb5 Qd3 28. Qe3
Nf5 29. Qxd3 Rxd3 30. c5 Rxb3 31. c6 Nd5 32. Bxd5 exd5 33. c7 Rc8 34. Rc1 Ne7
35. Nd6 1-0

[Event "Druzynowe Mistrzostwa Polski - II liga"]
[Site "Sypniewo k. Jastrowia"]
[Date "1899-12-30"]
[Round "5.73"]
[White "Polok, Kacper"]
[Black "Dixa, Oskar"]
[Result "1/2-1/2"]
[WhiteTitle "FM"]
[BlackTitle "k"]
[WhiteElo "2245"]
[BlackElo "1988"]

1. e4 c5 2. c3 d5 3. exd5 Qxd5 4. d4 Nf6 5. Nf3 Bg4 6. Be2 e6 7. O-O Nc6 8. Be3
cxd4 9. cxd4 Be7 10. h3 Bh5 11. Nc3 Qd6 12. Qd2 O-O 13. Rad1 Rfd8 14. a3 Nd5 15.
Ne4 Qc7 16. b4 Bg6 17. Nc5 Bf6 18. b5 Nce7 19. Rc1 Qb8 20. Bc4 b6 21. Nd3 Qd6
22. a4 Rac8 23. Nde5 Nxe3 24. Qxe3 Nf5 25. Qb3 Bxe5 26. dxe5 Qc5 27. Bd3 Qxc1
28. Rxc1 Rxc1+ 29. Kh2 Ng3 30. Kxg3 Rxd3 31. Qb4 Rc5 32. Kh2 h6 33. Nd4 Rdc3 34.
Nc6 a5 35. Qd4 Rd3 36. Qh4 Rd7 37. Nb8 Rd2 38. Qe7 Rc8 39. Qb7 Rcc2 40. Nd7 Bd3
41. Qb8+ Kh7 42. Nf8+ Kh8 43. Nxe6+ Kh7 44. Nf8+ Kh8 45. Ng6+ Kh7 46. Ne7 h5 47.
Qg8+ Kh6 48. Qh8+ Bh7 49. Ng8+ Kg6 50. Ne7+ Kh6 51. Nf5+ Kg6 52. Qxg7+ Kxf5 53.
Qxh7+ Ke6 54. Qh6+ Kxe5 55. Kg3 Rxf2 56. Qxh5+ f5 57. Qe8+ Kd4 58. Qd8+ Kc5 59.
Qc7+ Kb4 60. Qxb6 Rxg2+ 61. Kf3 Kxa4 62. Qd4+ 1/2-1/2

[Event "Druzynowe Mistrzostwa Polski - II liga"]
[Site "Sypniewo k. Jastrowia"]
[Date "1899-12-30"]
[Round "5.74"]
[White "Janiszewski, Filip"]
[Black "Jaworski, Miroslaw"]
[Result "1/2-1/2"]
[WhiteTitle "I++"]
[BlackTitle "IM"]
[WhiteElo "1983"]
[BlackElo "2185"]

1. e4 c5 2. Nf3 d6 3. d4 cxd4 4. Nxd4 Nf6 5. f3 e5 6. Nb3 Be7 7. c4 a5 8. Be3 a4
9. N3d2 Qa5 10. Be2 Bd8 11. Nc3 O-O 12. c5 Be6 13. cxd6 a3 14. Nb3 Bxb3 15. Qxb3
axb2 16. Qxb2 Nbd7 17. O-O Bb6 18. Bxb6 Nxb6 19. Kh1 Qc5 20. Rfd1 Rfd8 21. Rab1
Nbd7 22. Nd5 Qxd6 23. Qxb7 Qc5 24. Rbc1 Qa3 25. Bc4 Ne8 26. Rc3 Qf8 27. Qb2 Nc5
28. Bb3 1/2-1/2